000 00373nam a2200181Ia 4500
008 210210b xxu||||| |||| 00| 0 eng d
041 _aeng
082 _a383/198
100 _a-
245 _aModern office methods
260 _aLondon
_b-
_c
300 _a202
650 _aoffice
650 _aModern
650 _amethods
690 _aManagement
906 _a005394
999 _c125334
_d125334